000 03686nam0a2200517 4500
001 RU\NLR\bibl\1479842
005 20260406135304.0
010 _a978-5-9985-0686-4
_bв пер.
_95000
021 _aRU
_b2009-109282
_96960
035 _a(nilc)RSL-KNO-004567078
035 _a1VIL\RUSMED\0000160789
035 _aRSL-KNO-004567078
035 _aKML\BIBL\0000014153
035 _a(NLR Aleph) 001471500
090 _a1646514
_c1646514
100 _a20100114d2010 |||y0rusy50 ca
101 1 _arus
_cger
102 _aRU
105 _ay zzzz|||||
200 1 _aМалое собрание сочинений
_fЗигмунд Фрейд
_g[пер. с нем. Г. Барышниковой и др.]
210 _aСанкт-Петербург
_cАзбука-классика
_d2010 (т.е. 2009)
215 _a989, [2] с.
_d22
300 _aКн. фактически издана в 2009 г.
330 _aРаботы Зигмунда Фрейда, легендарного австрийского невролога, психолога и психиатра, единодушно признаются новой вехой мировой культуры и классикой психоанализа. В сборник вошли одни из самых ярких его произведений, такие как "Психопатология обыденной жизни", "Тотем и табу", "По ту сторону принципа наслаждения", в свое время шокировавшие общественность и многими встреченные враждебно. Выйдя за рамки привычной его современникам медицинской психологии, Фрейд дерзко приписал всему человечеству скандальные мысли и побуждения. Представления об эдиповом комплексе, о сексуальном влечении как определяющем импульсе человеческого поведения оскорбляли "викторианские" взгляды европейцев. Впрочем, споры вокруг психоанализа не утихают и сегодня... Чтение сборника обещает быть и познавательным, и захватывающим. Как признался Фрейд в одном из интервью, "я ученый по необходимости, а не по призванию. В действительности я прирожденный художник-беллетрист".
606 1 _aПсихоанализ
_yАвстрия
_92241882
_3RU\NLR\auth\661345210
606 1 _aПСИХОАНАЛИЗ
_2rus_mesh
_3R11754
606 1 _aФРЕЙДА ТЕОРИЯ
_2rus_mesh
_3R5744
606 1 _aFREUDIAN THEORY
_2rus_mesh
_3E5744
606 1 _aPSYCHOANALYSIS
_2rus_mesh
_3E11754
686 _aЮ91(4Ф)6-736Фрейд З.я44
_2rubbk
686 _a15.21.65
_2rugasnti
686 _aF02.739.794.297
_v2010
_2MESH
686 _aF04.096.544.779
_v2010
_2MESH
686 _a0017
_aПопулярная психология
_2TCC-BG
686 _aЮ91(4А)6-736
700 1 _4070
_8rus
_7ca
_aФрейд
_bЗ.
_f1856-1939
_gЗигмунд
_3RU\NLR\auth\772621
_9112631
801 0 _aRU
_bRuMoRGB
_c20100114
_grcr
801 1 _aRU
_bRuMoRGB
_c20100114
801 2 _aRU
_bЦНМБ
_c20100201
801 2 _aRU
_bЦНМБ
_c20100210
801 2 _aRU
_bТверская ОУНБ
_c20100219
801 2 _aRU
_bNLR
_c20100302
_grcr
830 _aCODE_OF_LIBNET\000046489
942 _cBOOK
980 _aNB